000 00303nam a22001337a 4500
008 171220b xxu||||| |||| 00| 0 eng d
020 _a9780810391574
041 _aeng
080 _a53
100 _a43
101 _aFIZ
245 _aPHYSICAL SCIENCES CAREER DIRECTORY
_cMORGAN,B.J
942 _2udc
_cBK
999 _c39214
_d39214